Doctrina democrática (Registro nro. 273804)

Detalles MARC
000 -ENCABEZADO
Número de control [NR] 01493nam a22002417a 4500
005 - FECHA Y HORA DE LA ÚLTIMA TRANSACCIÓN
control field 20140903175128.0
008 - DE LONGITUD FIJA DE DATOS DE ELEMENTOS - INFORMACIÓN GENERAL
Elementos de longitud fija [NR] 140702s1915 ag ||||fr|||| 001 0 spa d
040 ## - FUENTE DE CATALOGACION [NR]
Quien Cataloga Sandra Yazo
Quien Clasifica Sandra Yazo
041 0# - CODIGO DE IDIOMA [R]
Código de idioma para texto/pista de sonido o título separado [R] Español
082 04 - NUMERO DE CLASIFICACION DECIMAL DEWEY [R]
Número de la edición [NR] 20
Número de clasificación [R] 982
092 ## - SIGNATURA TOPOGRAFICA LOCAL
Número de clasificación local E31N013
100 1# - ASIENTO PRINCIPAL--NOMBRE PERSONAL [NR]
Nombre personal [NR] Moreno, Mariano
ID Autoridad 2397
245 10 - MENCION DE TITULO [NR]
Título [NR] Doctrina democrática
Mención de responsabilidad, etc. [NR] de Mariano Moreno
260 ## - PUBLICACION, DISTRIBUCION, ETC. (PIE DE IMPRENTA) [R]
Lugar de publicación, distribución, etc. [R] Buenos Aires (Argentina)
Nombre del editor, distribuidor, etc. [R] Librería de la Facultad
-- Juan Roldán
Fecha de publicación, distribución, etc. [R] 1915
300 ## - DESCRIPCION FISICA [R]
Extensión [R] viii, 301 páginas.
Dimensiones [R] 18 x 12 cm.
490 ## - MENCION DE SERIE [R]
Mención de serie [R] Biblioteca Argentina / Ricardo Rojas
Designación numérica/secuencial del volumen [NR] 1
500 ## - NOTA GENERAL [R]
Nota general [NR] Detalles físicos: Encuadernación rígida en cartón forrado en papel. Lomo en tela encolada con adornos en dorado. Guardas en papel impreso. Anteportada. Portada impresa en una sola tinta. Texto impreso en una cola columna. Algunas anotaciones al pie de página.
505 1# - NOTA DE CONTENIDO CON FORMATO PREESTABLECIDO [R]
Nota de contenido con formato preestablecido [NR] Noticia preliminar, por Ricardo Rojas ; Libro I: Representación que el apoderado de los hacendados de las campañas del Río de la Plata dirigió al Excmo. señor virrey don Baltasar Hidalgo de Cisneros ; Libro II: Fundación de la gaceta de Buenos Aires ; Jura de la Junta Provisoria ; Sobre la libertad de escribir ; A propósito de un caso de contrabando ; Reflexiones sobre una proclama del marqués de Casa Irujo, publicada en la corte del Brasil ; La situación de Montevideo.
506 ## - NOTA DE RESTRICCIONES DE ACCESO [R]
Condiciones de acceso [NR] Consulta en sala.
651 #4 - ASIENTO SECUNDARIO DE MATERIA - NOMBRE GEOGRAFICO [R]
Nombre geográfico [NR] Chile
Subdivisión general [R] Historia
9 (RLIN) 45217
690 ## - ASUNTO AGREGADO LOCAL DE ENTRADA - TÉRMINO TEMÁTICO (OCLC, RLIN)
9 (RLIN) 42842
Acceso temático local Historia de América
942 ## - ELEMENTOS DE ENTRADA AGREGADOS (KOHA)
Tipo de ítem principal el descrito en 300a Libro
Edición 1
Sistema de clasificación DEWEY
Clasificación 982
Existencias
Suprimido Perdido Sistema de clasificación Dañado No prestable Tipo de ítem específico Ubicación habitual Ubicación actual Localización Fecha de creación Forma de adquisición Costo Total préstamos Signatura topográfica Código de barras Última vez visto Ejemplar Price effective from Tipo de ítem
    LOCAL     Libro archivo Archivo Histórico Archivo Histórico Archivo histórico 02/07/2014 Donación 0.00   E31N013 L004298 02/07/2014 Ej.1 02/07/2014 Libro